000 01336nam a22003857a 4500
003 CHAP
005 20220817043640.0
008 000328d1998 mx a r 00110 spa d
010 _a80582
011 _a81554
035 _a92026
040 _cCHAP
082 0 4 _a338.0972
_bA58
100 0 0 _aAltenburg, Tilman.
_94674
245 1 0 _aDesarrollo y fomento de las subcontratación industrial en México
_c/por Tilman Altenburg [y otros]
260 _aMéxico, D.F. :
_bFriedrich Ebert Stiftung,
_c1998.
300 _a107 p. :
_bilus. ; gráfs. ; cuadros
410 _aFundación Friedrich Ebert
490 0 _aMateriales de trabajo
_v; 6
590 _aBATCH-UPD
_b10
_c20130110
_lUCH01
_h0614
590 _aBATCH-UPD
_b10
_c20130110
_lUCH01
_h2310
590 _aBATCH-UPD
_b10
_c20130410
_lUCH01
_h0257
590 _aBATCH-UPD
_b10
_c20130914
_lUCH01
_h0726
590 _aCONVERSION
_b10
_c20130109
_lUCH01
_h1345
650 1 4 _aIndustria
_xOrganización.
_957757
650 1 4 _aMéxico
_xCondiciones económicas.
650 1 4 _aPolítica industrial.
_990665
700 0 _aBosse, Dörte.
_914431
810 0 0 _aFundación Friedrich Ebert
_943983
830 0 0 _aMateriales de trabajo
_v; 6
_972953
901 _aBK
905 _aGuadalupe Pinto C.
942 _cLIBRO
949 _a338.0972 A58
_bBC
_cLIBRO
_d33724000773156
_eLIBRO
_h97603
_i92026
_sb
999 _c80582
_d80582